Herby wielkopolskich miast - Statystyki

Ogólne statystyki
  • Ten quiz został rozwiązany 149 razy
  • Średni wynik to 10 z 20
Statystyki odpowiedzi
Obrazkowy Odpowiedź % Poprawnych
Poznań
91%
Konin
84%
Leszno
69%
Piła
69%
Kalisz
64%
Gniezno
63%
Koło
60%
Ostrów Wielkopolski
56%
Turek
53%
Rawicz
49%
Jarocin
47%
Września
47%
Krotoszyn
40%
Luboń
40%
Środa Wielkopolska
40%
Śrem
39%
Wągrowiec
36%
Kościan
35%
Swarzędz
35%
Gostyń
31%
Nie znaleziono quizów pasujących do podanych kryteriów
Rozkład punktacji
Procent ludzi z każdym wynikiem
Percentyl według liczby udzielonych odpowiedzi
Twoja historia wyników
Nie rozwiązałeś tego quizu